U.S. State Trivia by Letter - C - Statistics

General Stats
  • This quiz has been taken 180 times
  • The average score is 21 of 28
Answer Stats
Hint Answer % Correct
Most populous state in the nation California
98%
Mountain state known for its ski resorts Colorado
95%
What the 'C' stands for in KFC Chicken
94%
Biggest city in Illinois Chicago
93%
Most populous city of South Carolina and capital of West Virginia Charleston
87%
Capital of Ohio Columbus
86%
Popular beverage invented in Georgia in 1886 Coca-Cola
85%
Home state of Yale University Connecticut
84%
Capital of Nevada Carson City
83%
Ohio city poorly named the "Mistake on the Lake" Cleveland
83%
#1 cash crop in the country Corn
83%
Last name of Billy Ray and Miley Cyrus
83%
Capital of Wyoming Cheyenne
81%
Home city to the Reds and the Bengals Cincinnati
79%
Important southern crop before the Civil War Cotton
79%
Hook-shaped peninsula in Massachusetts Cape Cod
78%
Most populous city of North Carolina Charlotte
77%
Capital of South Carolina Columbia
77%
Document that is the supreme law of the land Constitution
77%
President elected in 1924 Calvin Coolidge
75%
Large bay that splits Maryland apart Chesapeake
75%
Capital of New Hampshire Concord
75%
Group of 11 states that seceded from the Union Confederacy
72%
Popular crime drama set in multiple cities such as Miami and Las Vegas CSI
72%
Second largest Native American tribe Cherokee
62%
Name of University of Alabama's sports teams Crimson Tide
40%
City home to the University of North Carolina Chapel Hill
39%
Chicano leader who organized farm workers Cesar Chavez
34%
No matching quizzes found
Score Distribution
Percent of People with Each Score
Percentile by Number Answered
Your Score History
You have not taken this quiz